Online
Catalog

Cuando moras bajo sus alas. / (Record no. 20081)

MARC details
000 -CABECERA
campo de control de longitud fija 00670nam a2200181 u 4500
001 - NÚMERO DE CONTROL
campo de control 000020577
005 - FECHA Y HORA DE LA ÚLTIMA TRANSACCIÓN
campo de control 20200930011129.0
008 - DATOS DE LONGITUD FIJA--INFORMACIÓN GENERAL
campo de control de longitud fija 100810s dr r 000 spa d
040 ## - FUENTE DE LA CATALOGACIÓN
Centro catalogador/agencia de origen DO-SdBNP
Lengua de catalogación spa
Centro/agencia transcriptor BNPHU
090 ## - LOCALMENTE ASIGNADO TIPO-LC NÚMERO DE CLASIFICACIÓN (OCLC); NÚMERO DE CLASIFICACIÓN LOCAL (RLIN)
Número de clasificación (OCLC) (R) ; Numero de clasificación, CALL (RLIN) (NR) xxx
Número cutter local (OCLC) ; Número de libro/Signatura topográfica íntegra, CALL (RLIN) S157c
100 #1 - ENTRADA PRINCIPAL--NOMBRE DE PERSONA
Nombre de persona Silvestre, Andrea
9 (RLIN) 43302
245 10 - MENCIÓN DE TÍTULO
Título Cuando moras bajo sus alas. /
Mención de responsabilidad, etc. Andrea Silvestre ; Héctor Díaz, idea y diseño de portada ; Norquis Castillo y Randy Sánchez, digitadores.
260 ## - PUBLICACIÓN, DISTRIBUCIÓN, ETC.
Lugar de publicación, distribución, etc. [s.l] :
Nombre del editor, distribuidor, etc. [s.n],
Fecha de publicación, distribución, etc. [20--].
300 ## - DESCRIPCIÓN FÍSICA
Extensión 92 p. ;
Dimensiones 22 cm.
590 ## - NOTA LOCAL (RLIN)
Nota local Inventariado, 2020 / DG
700 ## - PUNTO DE ACCESO ADICIONAL--NOMBRE DE PERSONA
Nombre de persona Díaz, Héctor
Término indicativo de función/relación Idea y diseño de portada
9 (RLIN) 43303
700 ## - PUNTO DE ACCESO ADICIONAL--NOMBRE DE PERSONA
Nombre de persona Castillo, Norquis, Sánchez, Randy
Término indicativo de función/relación Digitadores
9 (RLIN) 43304
Holdings
Estado de retiro Estado de pérdida Restricciones de uso No para préstamo Código de colección Localización permanente Ubicación/localización actual Ubicación en estantería Fecha de adquisición Número de inventario Total de préstamos Signatura topográfica completa Código de barras Fecha visto por última vez Número de copia Precio válido a partir de Tipo de ítem Koha
        Dominicana de Servicio General General Depósito 10.03.2020 LF1   20577-30 25.06.2020 e.3 25.06.2020 Libro y Folleto Colección Dominicana de Servicio
      Excluido de préstamo Patrimonio Dominicano Patrimonio Dominicano Patrimonio Dominicano Depósito 12.03.2014 LF1   20577-10 25.06.2020   25.06.2020 Libro y Folleto Colección Patrimonio Dominicano
      Excluido de préstamo Patrimonio Dominicano Patrimonio Dominicano Patrimonio Dominicano Depósito 10.03.2020 LF1   20577-20 25.06.2020 e.2 25.06.2020 Libro y Folleto Colección Patrimonio Dominicano

Powered by Koha